000 00532nmm a2200169Ia 4500
008 251105s9999||||xx |||||||||||||||||und||
020 _a9788494633829
041 _aspa
100 _aRuiz-Huerta Carbonell, Alejandro
245 0 _aLa memoria incómoda :
_b Los abogados de Atocha
264 _a[Madrid, España] :
_bUtopía Libros,
_c[Fecha de publicación no identificada]
300 _a0 páginas
490 _aComprometidos
650 _aBiography
856 _uhttps://public.digitaliapublishing.com/a/100630
942 _cCF
999 _c89470
_d89470